000 00486pam a2200169 4500
001 4601
005 20181127173753.0
008 960403s1998 enk 000 0 eng
010 _a 96014956
020 _a0710305621 (alk. paper)
043 _aa-ja---
245 1 4 _aThe spirit of budo :
_bthe history of Japan's martial arts.
_c
260 _aJapan :
_a
_bNippon Budokan Foundation,
_c2012.
300 _a43 p. ;
_c21 cm.
650 0 _aBushido.
650 0 _aMartial arts
_zJapan
_xPhilosophy.
999 _c3816
_d3816